Statistics for Complete the Card - WWE SummerSlam 2001

Click here to take the quiz!

General Stats

  • This quiz has been taken 267 times
  • The average score is 18 of 22

Answer Stats

Answer% Correct
The Rock
98%
Stone Cold Steve Austin
97%
Kane
96%
The Undertaker
96%
Kurt Angle
94%
Booker T
93%
Edge
93%
Jeff Hardy
92%
Bubba Ray Dudley
89%
Chris Jericho
89%
D-Von Dudley
89%
Spike Dudley
89%
Rob Van Dam
86%
Diamond Dallas Page
74%
X-Pac
74%
Test
72%
Lance Storm
70%
Tajiri
67%
Chris Kanyon
64%
Faarooq
64%
Bradshaw
63%
Rhyno
63%

Score Distribution

Percentile by Number Answered

Percent of People with Each Score

Your Score History

You have not taken this quiz